| 000 | 01732nam a22004214i 4500 | ||
|---|---|---|---|
| 999 |
_c64176 _d64176 |
||
| 001 | 18313683 | ||
| 003 | CO-MdFUSB | ||
| 005 | 20190202100502.0 | ||
| 008 | 140923s20152017nyuah f b 001 0 eng | ||
| 010 | _a 2014033290 | ||
| 020 | _a9781138826335 (hardback) | ||
| 020 | _z9781315739397 (ebook) | ||
| 040 |
_aDLC _bspa _cCO-MdFUSB _erda _dCO-MdFUSB |
||
| 041 | _aeng | ||
| 042 | _apcc | ||
| 082 | 0 | 0 |
_224 _aG 261.56 _bB951e |
| 100 | 1 |
_aBurdett, Michael S. _d1981- _eautor |
|
| 242 | 0 | 0 |
_aEscatología y el futuro tecnológico _lInglés |
| 245 | 0 | 0 |
_aEschatology and the technological future _c/ Michael S. Burdett. _b: |
| 264 | 1 |
_aNew York : _bRoutledge, _c℗2017 |
|
| 264 | 4 | _c©2015 | |
| 300 |
_axiv, 251 páginas ; _c24 cm. _b: |
||
| 336 |
_2rdacontent _atexto _btxt |
||
| 337 |
_2rdamedia _asin mediación _bn |
||
| 338 |
_2rdacarrier _avolumen _bnc |
||
| 490 | 0 | _aRoutledge studies in religion ; | |
| 501 | _aIncluye índice (p. 247- 251) | ||
| 504 | _aIncludes bibliographical references and index. | ||
| 505 | _aIntroducción: Nuestro futuro tecnológico, filosofía y religión -- Parte I. Acercamientos visionarios a la tecnología y el futuro -- Parte II. Las respuestas teológicas a la tecnología y al futuro -- Parte III. Temas filosóficos y teológicos en la tecnología y el futuro | ||
| 650 | 7 |
_aEscatología _2 _9213 |
|
| 653 | _aTecnología -- Aspectos religiosos -- Cristianismo | ||
| 653 | _aTecnología y civilización - Previsión | ||
| 906 |
_a7 _bcbc _corignew _d1 _eecip _f20 _gy-gencatlg |
||
| 942 | _cBK | ||